Statistics for Countries of Golden Globe for Best Foreign Language Film

Click here to take the quiz!

General Stats

  • This quiz has been taken 38 times
  • The average score is 32 of 45

Answer Stats

# NominatedCountry% Correct
80France
97%
32Italy
97%
11Spain
97%
29Germany / West Germany
94%
16Sweden
94%
7China
94%
13United Kingdom
91%
7Russia
91%
2Poland
88%
9Mexico
88%
11Japan
88%
6Brazil
85%
3Switzerland
85%
3India
85%
1Norway
82%
1South Africa
82%
2Finland
82%
2Austria
82%
4Argentina
82%
3Netherlands
79%
3Greece
79%
8Israel
76%
1Czech Republic
74%
4Australia
74%
3Iran
74%
6Belgium
74%
4Chile
74%
8Canada
74%
1Turkey
71%
11Denmark
71%
1Romania
68%
1Peru
68%
2Hungary
68%
5Yugoslavia
56%
6Soviet Union
56%
1Algeria
56%
4Taiwan
53%
6United States
53%
2Czechoslovakia
44%
1Bosnia and Herzegovina
29%
1Afghanistan
26%
2Estonia
24%
1Cambodia
21%
1Lebanon
21%
1Luxembourg
21%

Score Distribution

Percentile by Number Answered

Percent of People with Each Score

Your Score History

You have not taken this quiz